000 00437nam a22001817a 4500
005 20180726130432.0
008 160514b xxu||||| |||| 00| 0 eng d
020 _a0333-93330-3
041 _aeng
082 _b2415
_a658.3
100 _a Dwivedi, R.S.
_9433
245 _aHuman Relations and Organisational Behaviour
250 _a5th ed.
260 _bMac Millan
_c2007
300 _a877p,
650 _aManagement
_9241
942 _cBK
999 _c857
_d857